| 000 | 01368nam a22003377a 4500 | ||
|---|---|---|---|
| 999 |
_c76851 _d76851 |
||
| 005 | 20230726160522.0 | ||
| 010 | _a1617EN ENG-107650 ENG-137592 | ||
| 020 |
_a9781259097218 _c850.00 |
||
| 020 |
_a1259097218 _c850.00 |
||
| 020 |
_a9781259097218 _c875.00 (Ashok Vihar) |
||
| 020 |
_a1259097218 _c875.00 |
||
| 035 | _aB-651824-830 | ||
| 035 | _aB-666208 | ||
| 035 | _aEN-91183 | ||
| 035 | _aEN-121124 | ||
| 037 |
_bPragati _adpl |
||
| 037 | _bDBAD/PUB | ||
| 082 | _a150 | ||
| 100 | _a Passer, Michael W. | ||
| 245 |
_aPsychology : _cby Michael W. Passer, Ronald E. Smith. _bthe science of mind and behavior / |
||
| 250 | _a5th ed | ||
| 260 |
_bTata McGraw Hill _c2013 _aNew Delhi |
||
| 270 |
_aP-24, Green Park extnsion _bNew Delhi _e110016 |
||
| 300 |
_axxxiv, 673, SI-12 p. _c28cm(pbk) _b ill. |
||
| 500 | _aIncludes bibliographical references (p. R-1 and R-51) and indexes. | ||
| 650 |
_a Psychology _vTextbooks. |
||
| 700 | _aSmith, Ronald E | ||
| 942 |
_2ddc _cEN _mPAS _h150 |
||